000 00495nam a2200145 i 4500
001 67805
003 ES-MaACL
005 20230906170142.0
007 t|
008 040205s1900 ag ||||1| spa d
100 1 _aGallardo, Angel.
_953477
245 1 0 _aObservaciones morfológicas y estadísticas sobre algunas anomalías de digitalis parpúrea L. /
_cAngel Gallardo.
260 _aBuenos Aires :
_b[s.n.,
_c1900] (
_fImp. Juan A. Alsina)
852 _aES-MaACL
_j1590-F-15
999 _c67805
_d67805